Estrategias de gestión del conocimiento para el fortalecimiento de la competencia en lengua extranjera de docentes universitarios /

Detalles Bibliográficos
Autores principales: Novikova, Olga Anatolyevna (Autor), Romero Díaz, Carmen Helena (Autor)
Formato: Electrónico eBook
Lenguaje:español
Publicado: Medellín, Colombia: Sello Editorial Tecnológico de Antioquia, [2023]
Edición:Primera edición.
Materias:
Acceso en línea:Digitalia Hispánica

MARC

LEADER 00000nam a2200000 i 4500
001 DIGTECANT0003
003 NyNyDIG
007 cr |||||||||||
008 241119s2023 ck a ob 000 0 spa d
006 m o d
035 |a (OCoLC)1473345314 
040 |a DGITA  |b eng  |e rda  |e pn  |c DGITA 
020 |a 9789588628844  |q digital 
020 |z 9789588628837  |q impreso 
050 1 4 |a P118.2 ebook 
100 1 |a Novikova, Olga Anatolyevna,  |e author. 
245 1 0 |a Estrategias de gestión del conocimiento para el fortalecimiento de la competencia en lengua extranjera de docentes universitarios /  |c autoras, Olga Novikova, Carmen Helena Romero Díaz. 
250 |a Primera edición. 
264 1 |a Medellín, Colombia:  |b Sello Editorial Tecnológico de Antioquia,  |c [2023] 
300 |a 1 online resource :  |b illustrations. 
336 |a text  |b txt  |2 rdacontent 
337 |a computer  |b c  |2 rdamedia 
338 |a online resource  |b cr  |2 rdacarrier 
347 |a text file  |2 rdaft 
347 |b PDF 
504 |a Includes bibliographical references. 
588 0 |a Online resource; title from PDF title page (Digitalia, viewed November 19, 2024) 
650 0 |a Second language acquisition. 
650 0 |a English language  |x Study and teaching  |x Foreign speakers. 
650 0 |a College teachers  |x Training of. 
700 1 |a Romero Díaz, Carmen Helena,  |e author. 
791 2 |a Digitalia (Firm),  |e distributor. 
793 0 |g Digitalia eBook Collection:  |a Tecnológico de Antioquia 
776 0 8 |i Print version:  |a Novikova, Olga Anatolyevna.  |t Estrategias de gestión del conocimiento para el fortalecimiento de la competencia en lengua extranjera de docentes universitarios.  |b Primera edición.  |d Medellín, Colombia: Sello Editorial Tecnológico de Antioquia, [2023]  |z 9789588628837 
856 4 0 |3 Digitalia Hispánica  |u https://www.digitaliapublishing.com/a/159124/ 
910 |a Premium collection: 2024